000
00242nam a22000977a 4500
999
_c
16190
_d
16190
003
OSt
008
200617b ||||| |||| 00| 0 eng d
100
_a
Graham Greene
_9
4609
245
_a
In Search of a Character: Two African Journals
942
_c
BK